STRATEGIC MARKET MANAGEMENT (Record no. 40258)
[ view plain ]
| 000 -LEADER | |
|---|---|
| fixed length control field | 00249nam a2200109Ia 4500 |
| 008 - FIXED-LENGTH DATA ELEMENTS--GENERAL INFORMATION | |
| fixed length control field | 240625s9999 xx 000 0 und d |
| 041 ## - LANGUAGE CODE | |
| Language code of text/sound track or separate title | eng |
| 082 ## - DEWEY DECIMAL CLASSIFICATION NUMBER | |
| Classification number | 658.8 AAK |
| 100 ## - MAIN ENTRY--PERSONAL NAME | |
| Personal name | AAKER DAVID A |
| 245 ## - TITLE STATEMENT | |
| Title | STRATEGIC MARKET MANAGEMENT |
| 260 ## - PUBLICATION, DISTRIBUTION, ETC. | |
| Date of publication, distribution, etc. | 2013 |
| Withdrawn status | Lost status | Damaged status | Not for loan | Home library | Current library | Shelving location | Date acquired | Source of acquisition | Full call number | Barcode | Date last seen | Price effective from | Koha item type |
|---|---|---|---|---|---|---|---|---|---|---|---|---|---|
| IMTN | IMTN | Rack 33-B | 11/22/2017 | 32917 | 658.8 AAK | BB2198 | 06/25/2024 | 06/25/2024 | Book Bank |